NFV - Virtuálne laboratórium

Saved in:
Bibliographic Details
Main Author: Gaštan, Filip (Author)
Other Authors: Medvecký, Martin (Thesis advisor)
Format: Manuscript Book
Language:Slovak
Published: Bratislava : STU v Bratislave FEI, 2020
Subjects:
Online Access:https://opac.crzp.sk/?fn=detailBiblioForm&sid=8E0A01F6D74C9FCBC94AEC1E231C&seo=CRZP-detail-kniha
Tags: Add Tag
No Tags, Be the first to tag this record!

MARC

LEADER 00000ntm a22000003a 4500
001 stuzp66695
003 SK-STU
005 20200713122614.4
007 ta
008 150427s2015----xo-----f-mn---000-0-slo-d
040 |a STU  |b slo 
041 0 |a slo 
044 |a xo 
100 1 |a Gaštan, Filip  |u 037000  |4 aut  |U FEI Fakulta elektrotechniky a informatiky  |T FEI Ústav multimediálnych informačných a komunikačných technológií  |X 73013  |U E070  |Y 818  |7 73013 
242 0 1 |a NFV - Virtual Laboratory  |y eng 
245 1 0 |a NFV - Virtuálne laboratórium 
260 |a Bratislava :  |b STU v Bratislave FEI,  |c 2020 
300 |a 39 s. 
650 4 |a Openstack  |2 slo 
650 4 |a pfsense  |2 slo 
650 4 |a NFV  |2 slo 
650 4 |a NFV  |2 eng 
650 4 |a Openstack  |2 eng 
650 4 |a pfsense  |2 eng 
700 1 |a Medvecký, Martin  |u 037000  |k Z1  |4 ths  |U FEI Fakulta elektrotechniky a informatiky  |T FEI Ústav multimediálnych informačných a komunikačných technológií  |X 1980  |U E070  |Y 818  |7 A000001980 
856 4 |u https://opac.crzp.sk/?fn=detailBiblioForm&sid=8E0A01F6D74C9FCBC94AEC1E231C&seo=CRZP-detail-kniha